[Event "Titled Tuesday intern op 27th Dec Early"]
[Site "Chess.com INT"]
[Date "2022.12.27"]
[Round "3"]
[White "Rahman, Adel"]
[Black "Zherebtsova, Alexandra"]
[Result "0-1"]
[WhiteElo "2273"]
[BlackElo "2155"]
[PlyCount "108"]
[EventDate "2022.12.27"]
[EventType "swiss (blitz)"]
[EventRounds "11"]
[EventCountry "USA"]
[SourceTitle "EXT 2024"]
[Source "ChessBase"]
[SourceDate "2023.10.10"]
[SourceVersion "1"]
[SourceVersionDate "2023.10.10"]
[SourceQuality "1"]

1. e4 e5 2. Nf3 Nc6 3. Nc3 Nf6 4. d4 exd4 5. Nd5 Be7 6. Bc4 Nxd5 7. exd5 Na5 8. Be2 c5 9. dxc6 dxc6 10. Nxd4 0-0 11. 0-0 c5 12. Nf3 b6 13. Bf4 Bb7 14. Re1 Bf6 15. c3 Qxd1 16. Raxd1 Rad8 17. Ne5 Rxd1 18. Bxd1 Re8 19. f3 Nc4 20. Ba4 Re7 21. Rd1 Rxe5 22. Bxe5 Nxe5 23. f4 Nc4 24. Rd7 Be4 25. Bb3 Nxb2 26. Bxf7+ Kf8 27. Be6 a5 28. c4 Bd4+ 29. Kh1 Bb1 30. Rf7+ Ke8 31. Rb7 Bxa2 32. Rxb6 Bxc4 33. Bf5 a4 34. Rb8+ Ke7 35. Ra8 Bb3 36. Bxh7 Nc4 37. Ra7+ Kd6 38. Be4 a3 39. g4 a2 40. h4 a1Q+ 41. Rxa1 Bxa1 42. Kg2 Nd2 43. Bg6 Bd5+ 44. Kh3 Bd4 45. g5 Be4 46. Bf7 c4 47. Kg4 c3 48. Bb3 Nxb3 49. h5 c2 50. h6 gxh6 51. gxh6 c1Q 52. Kg5 Qg1+ 53. Kh4 Bf2+ 54. Kh5 Qg6# 0-1

[Event "Titled Tuesday intern op 07th Jun Early"]
[Site "Chess.com INT"]
[Date "2022.06.07"]
[Round "10"]
[White "Qiao, Cindy"]
[Black "Rahman, Adel"]
[Result "1-0"]
[WhiteElo "1736"]
[BlackElo "2273"]
[PlyCount "67"]
[EventDate "2022.06.07"]
[EventType "swiss (blitz)"]
[EventRounds "11"]
[EventCountry "USA"]
[SourceTitle "CBM 208 Extra"]
[Source "ChessBase"]
[SourceDate "2022.07.31"]
[SourceVersion "1"]
[SourceVersionDate "2022.07.31"]
[SourceQuality "1"]

1. d4 Nf6 2. Bf4 g6 3. Nc3 d5 4. e3 Bg7 5. Nb5 Na6 6. Nf3 0-0 7. h4 h5 8. Be2 c6 9. Nc3 Bf5 10. a3 Nc7 11. Ng5 Ne6 12. Nxe6 Bxe6 13. Be5 Rc8 14. Bf3 c5 15. Ne2 Bg4 16. Nf4 cxd4 17. exd4 Bf5 18. c3 Ne4 19. Bxg7 Kxg7 20. g4 hxg4 21. Bxg4 Qd6 22. Qf3 Bxg4 23. Qxg4 f5 24. Qf3 Rh8 25. Nd3 Rh6 26. Ne5 b5 27. Ke2 Rch8 28. Rag1 Kf8 29. h5 Ke8 30. hxg6 Rxh1 31. Rxh1 Rxh1 32. Qxh1 Qf6 33. Qh7 Kd8 34. g7 1-0

[Event "Titled Tuesday intern op 07th Jun Early"]
[Site "Chess.com INT"]
[Date "2022.06.07"]
[Round "7"]
[White "Rahman, Adel"]
[Black "Perez Gormaz, Matias Ariel"]
[Result "0-1"]
[WhiteElo "2273"]
[BlackElo "2387"]
[PlyCount "66"]
[EventDate "2022.06.07"]
[EventType "swiss (blitz)"]
[EventRounds "11"]
[EventCountry "USA"]
[SourceTitle "CBM 208 Extra"]
[Source "ChessBase"]
[SourceDate "2022.07.31"]
[SourceVersion "1"]
[SourceVersionDate "2022.07.31"]
[SourceQuality "1"]

1. e4 d5 2. exd5 Qxd5 3. Nc3 Qd8 4. d4 Nf6 5. Nf3 Bf5 6. Ne5 e6 7. g4 Bg6 8. h4 Bb4 9. h5 Be4 10. f3 Bd5 11. Bd3 Nc6 12. Be3 Nxe5 13. dxe5 Nxg4 14. Qe2 Nxe3 15. Qxe3 Qe7 16. Rg1 g6 17. h6 Qh4+ 18. Kd2 0-0-0 19. Rad1 c5 20. Kc1 Qd4 21. Nxd5 Rxd5 22. Qg5 Qxe5 23. Qh4 Rhd8 24. a3 Rd4 25. Qe7 R4d7 26. Qh4 Ba5 27. Qa4 Bb6 28. Kb1 Kb8 29. Rde1 Qd4 30. Qb3 Qf4 31. Be4 c4 32. Qb5 f5 33. Qxc4 Bxg1 0-1

[Event "Titled Tuesday intern op 31st May Early"]
[Site "Chess.com INT"]
[Date "2022.05.31"]
[Round "7"]
[White "Ciuffoletti, Paolo"]
[Black "Rahman, Adel"]
[Result "0-1"]
[WhiteElo "2106"]
[BlackElo "2273"]
[PlyCount "80"]
[EventDate "2022.05.31"]
[EventType "swiss (blitz)"]
[EventRounds "11"]
[EventCountry "USA"]
[SourceTitle "CBM 208 Extra"]
[Source "ChessBase"]
[SourceDate "2022.07.31"]
[SourceVersion "1"]
[SourceVersionDate "2022.07.31"]
[SourceQuality "1"]

1. e4 c6 2. d4 d5 3. exd5 cxd5 4. c4 Nf6 5. Nc3 e6 6. Nf3 Bb4 7. Bd3 dxc4 8. Bxc4 0-0 9. 0-0 Nbd7 10. Bg5 h6 11. Bh4 b6 12. Qe2 Bb7 13. Ne5 Be7 14. Rad1 Rc8 15. Ba6 Rc7 16. Bxb7 Rxb7 17. Nc6 Qe8 18. d5 Bc5 19. dxe6 fxe6 20. Ne4 Nd5 21. Nd8 Rb8 22. Nxc5 Nxc5 23. b4 Nxb4 24. Rfe1 Kh8 25. Nxe6 Nxe6 26. Qxe6 Qxe6 27. Rxe6 Nxa2 28. Ra1 Rbc8 29. h3 Rc1+ 30. Rxc1 Nxc1 31. Re7 a5 32. Rb7 a4 33. Rxb6 Ra8 34. Rb1 Nd3 35. Ra1 a3 36. Bg3 a2 37. Bd6 Ra6 38. Be7 Kg8 39. Kf1 Kf7 40. Bh4 Nb4 0-1

[Event "Titled Tuesday intern op 31st May Early"]
[Site "Chess.com INT"]
[Date "2022.05.31"]
[Round "10"]
[White "Plazuelo Pascual, Juan"]
[Black "Rahman, Adel"]
[Result "1-0"]
[WhiteElo "2458"]
[BlackElo "2273"]
[PlyCount "109"]
[EventDate "2022.05.31"]
[EventType "swiss (blitz)"]
[EventRounds "11"]
[EventCountry "USA"]
[SourceTitle "CBM 208 Extra"]
[Source "ChessBase"]
[SourceDate "2022.07.31"]
[SourceVersion "1"]
[SourceVersionDate "2022.07.31"]
[SourceQuality "1"]

1. d4 Nf6 2. c4 g6 3. Nc3 Bg7 4. e4 d6 5. f3 0-0 6. Be3 c5 7. dxc5 dxc5 8. Qxd8 Rxd8 9. Bxc5 Nc6 10. Be3 b6 11. Rc1 Ba6 12. Nh3 Rac8 13. Nf4 e6 14. b3 Nd7 15. Be2 Nc5 16. Kf2 Nb4 17. a3 Nbd3+ 18. Nxd3 Nxd3+ 19. Bxd3 Rxd3 20. Nb5 Rxb3 21. Nxa7 Rxc4 22. Rxc4 Bxc4 23. Rc1 Ba6 24. Nc8 h5 25. a4 b5 26. axb5 Bxb5 27. Nd6 Be5 28. Rc8+ Kg7 29. Bh6+ Kxh6 30. Nxf7+ Kg7 31. Nxe5 Rb2+ 32. Kg1 Rb1+ 33. Kf2 Rb2+ 34. Ke3 Rxg2 35. h4 g5 36. Rc7+ Kf6 37. hxg5+ Rxg5 38. f4 Rg7 39. Rc5 Be8 40. Rc8 Ke7 41. Rc7+ Kf8 42. Rc2 Rg3+ 43. Kf2 Rh3 44. Kg2 Ra3 45. Rc7 Re3 46. Rc4 h4 47. Kf2 Ra3 48. Rc7 h3 49. Rh7 Bb5 50. Rh6 Ke7 51. Ng6+ Kd6 52. Nf8 Bd7 53. f5 Ke7 54. Nxd7 Kxd7 55. Rxe6 1-0

[Event "Titled Tuesday intern op 31st May Early"]
[Site "Chess.com INT"]
[Date "2022.05.31"]
[Round "6"]
[White "Rahman, Adel"]
[Black "Kovacevic, Radmila"]
[Result "0-1"]
[WhiteElo "2273"]
[BlackElo "2113"]
[PlyCount "80"]
[EventDate "2022.05.31"]
[EventType "swiss (blitz)"]
[EventRounds "11"]
[EventCountry "USA"]
[SourceTitle "CBM 208 Extra"]
[Source "ChessBase"]
[SourceDate "2022.07.31"]
[SourceVersion "1"]
[SourceVersionDate "2022.07.31"]
[SourceQuality "1"]

1. e4 e5 2. Nf3 d5 3. exd5 e4 4. Qe2 Nf6 5. d3 Qxd5 6. Nc3 Bb4 7. Bd2 Bxc3 8. Bxc3 0-0 9. Ne5 exd3 10. Qxd3 Re8 11. 0-0-0 Qxa2 12. b3 Nc6 13. Nxc6 bxc6 14. Bxf6 gxf6 15. Qg3+ Kh8 16. Qc3 Kg7 17. Bc4 Bf5 18. g4 Be4 19. f3 Qa3+ 20. Kb1 Bd5 21. g5 Re6 22. gxf6+ Kh8 23. Bxd5 cxd5 24. Rxd5 a5 25. Rhd1 Ree8 26. Qc5 Qxc5 27. Rxc5 Ra6 28. Rxc7 Rxf6 29. Rdd7 Kg7 30. Rd5 Rxf3 31. Rg5+ Kf6 32. Rxa5 Re1+ 33. Kb2 Re2 34. Ra6+ Kg7 35. b4 Rxh2 36. b5 Rh5 37. Rb6 Re5 38. Rb8 h5 39. c4 Re2+ 40. Kc1 Rf1# 0-1

[Event "Titled Tuesday intern op 24th May Early"]
[Site "Chess.com INT"]
[Date "2022.05.24"]
[Round "11"]
[White "Rahman, Adel"]
[Black "Agasarov, Benik"]
[Result "0-1"]
[WhiteElo "2273"]
[BlackElo "2249"]
[PlyCount "60"]
[EventDate "2022.05.24"]
[EventType "swiss (blitz)"]
[EventRounds "11"]
[EventCountry "USA"]
[SourceTitle "EXT 2023"]
[Source "ChessBase"]
[SourceDate "2022.10.05"]
[SourceVersion "1"]
[SourceVersionDate "2022.10.05"]
[SourceQuality "1"]

1. e4 e5 2. Nf3 Nc6 3. d4 exd4 4. Nxd4 Nf6 5. Nxc6 bxc6 6. e5 Qe7 7. Qe2 Nd5 8. h4 d6 9. exd6 cxd6 10. a3 Bg4 11. f3 Be6 12. Bd2 g6 13. Nc3 Bg7 14. Nxd5 Bxd5 15. Qxe7+ Kxe7 16. 0-0-0 Rhb8 17. Bg5+ Kd7 18. b4 a5 19. c4 Be6 20. Bf4 Bf8 21. b5 cxb5 22. cxb5 Rc8+ 23. Kb1 Bf5+ 24. Bd3 Rab8 25. a4 Rc4 26. Bxf5+ gxf5 27. Be3 Rxa4 28. b6 f4 29. Bf2 Rc8 30. Rd5 Rb4+ 0-1

[Event "Titled Tuesday intern op 24th May Early"]
[Site "Chess.com INT"]
[Date "2022.05.24"]
[Round "5"]
[White "Rahman, Adel"]
[Black "Butti, Enrique"]
[Result "1-0"]
[WhiteElo "2273"]
[BlackElo "2065"]
[PlyCount "53"]
[EventDate "2022.05.24"]
[EventType "swiss (blitz)"]
[EventRounds "11"]
[EventCountry "USA"]
[SourceTitle "EXT 2023"]
[Source "ChessBase"]
[SourceDate "2022.10.05"]
[SourceVersion "1"]
[SourceVersionDate "2022.10.05"]
[SourceQuality "1"]

1. e4 c5 2. Nf3 d6 3. d4 cxd4 4. Nxd4 Nf6 5. Nc3 a6 6. Bg5 e6 7. f4 b5 8. e5 dxe5 9. fxe5 Qc7 10. exf6 Qe5+ 11. Be2 Qxg5 12. 0-0 Ra7 13. Qd3 Rd7 14. Ne4 Qh4 15. Qe3 Bb7 16. Bd3 Bxe4 17. Bxe4 Bc5 18. c3 e5 19. Bc2 Bxd4 20. cxd4 Qxd4 21. Qxd4 Rxd4 22. Rae1 Nc6 23. fxg7 Rg8 24. Rf6 Ne7 25. Rxe5 Rxg7 26. Rxa6 Rd2 27. Be4 1-0

[Event "Titled Tuesday intern op 24th May Early"]
[Site "Chess.com INT"]
[Date "2022.05.24"]
[Round "8"]
[White "Rahman, Adel"]
[Black "Politov, Pavel Y"]
[Result "1-0"]
[WhiteElo "2273"]
[BlackElo "2190"]
[PlyCount "59"]
[EventDate "2022.05.24"]
[EventType "swiss (blitz)"]
[EventRounds "11"]
[EventCountry "USA"]
[SourceTitle "EXT 2023"]
[Source "ChessBase"]
[SourceDate "2022.10.05"]
[SourceVersion "1"]
[SourceVersionDate "2022.10.05"]
[SourceQuality "1"]

1. e4 c5 2. Nf3 d6 3. d4 cxd4 4. Nxd4 Nf6 5. Nc3 a6 6. Bg5 e6 7. f4 h6 8. Bh4 Qb6 9. a3 Nc6 10. Bf2 Qc7 11. Nxc6 bxc6 12. Bd3 d5 13. e5 Nd7 14. Qh5 c5 15. 0-0 c4 16. Bg6 Nc5 17. f5 fxg6 18. Qxg6+ Qf7 19. Qg3 exf5 20. e6 Bxe6 21. Rae1 Ne4 22. Nxe4 dxe4 23. Bd4 Rd8 24. Rxe4 fxe4 25. Rxf7 Kxf7 26. c3 Kg8 27. Qf4 Be7 28. Qxe4 Rd6 29. Qe5 Kh7 30. Qxg7# 1-0

[Event "Titled Tuesday intern op 24th May Early"]
[Site "Chess.com INT"]
[Date "2022.05.24"]
[Round "2"]
[White "Rahman, Adel"]
[Black "Samunenkov, Igor"]
[Result "0-1"]
[WhiteElo "2273"]
[BlackElo "2428"]
[PlyCount "62"]
[EventDate "2022.05.24"]
[EventType "swiss (blitz)"]
[EventRounds "11"]
[EventCountry "USA"]
[SourceTitle "EXT 2023"]
[Source "ChessBase"]
[SourceDate "2022.10.05"]
[SourceVersion "1"]
[SourceVersionDate "2022.10.05"]
[SourceQuality "1"]

1. e4 c6 2. d4 d5 3. e5 c5 4. Nf3 cxd4 5. Nxd4 Nc6 6. Nxc6 bxc6 7. Bd3 e6 8. Be3 c5 9. c4 d4 10. Bf4 Bb7 11. 0-0 Ne7 12. Nd2 Ng6 13. Bg3 Be7 14. Ne4 0-0 15. Qe2 Qd7 16. Rae1 Bc6 17. f4 Bh4 18. Nxc5 Qe7 19. Ne4 Bxg3 20. hxg3 Rab8 21. b3 a5 22. Ng5 a4 23. Qh5 h6 24. Bc2 axb3 25. axb3 d3 26. Bxd3 Rxb3 27. Be4 hxg5 28. Bxc6 Qc5+ 29. Kh2 Qxc6 30. Rh1 Rd8 31. Kg1 Rd2 0-1

[Event "Titled Tuesday intern op 17th May Early"]
[Site "Chess.com INT"]
[Date "2022.05.17"]
[Round "4"]
[White "Zaloznyy, Mike"]
[Black "Rahman, Adel"]
[Result "0-1"]
[WhiteElo "2125"]
[BlackElo "2273"]
[PlyCount "60"]
[EventDate "2022.05.17"]
[EventType "swiss (blitz)"]
[EventRounds "11"]
[EventCountry "USA"]
[SourceTitle "CBM 208 Extra"]
[Source "ChessBase"]
[SourceDate "2022.07.31"]
[SourceVersion "1"]
[SourceVersionDate "2022.07.31"]
[SourceQuality "1"]

1. d4 Nf6 2. Bf4 g6 3. Nc3 d5 4. Qd2 Bg7 5. Bh6 0-0 6. Bxg7 Kxg7 7. 0-0-0 c5 8. f3 Nc6 9. dxc5 d4 10. Nb5 Qd5 11. Kb1 Qxc5 12. Nxd4 Rd8 13. e3 e5 14. Nge2 exd4 15. exd4 Qb6 16. h4 h5 17. g4 Rh8 18. d5 Nb4 19. c4 hxg4 20. fxg4 Bxg4 21. a3 Bf5+ 22. Ka1 Nc2+ 23. Ka2 Ne3 24. Ng3 Nxd1 25. Nxf5+ gxf5 26. Qg5+ Kf8 27. b4 Qf2+ 28. Kb3 Qb2+ 29. Ka4 Nc3+ 30. Ka5 Qxa3# 0-1

[Event "Titled Tuesday intern op 10th May Early"]
[Site "Chess.com INT"]
[Date "2022.05.10"]
[Round "9"]
[White "Bommini, Mounika Akshaya"]
[Black "Rahman, Adel"]
[Result "1-0"]
[WhiteElo "2108"]
[BlackElo "2273"]
[PlyCount "49"]
[EventDate "2022.05.10"]
[EventType "swiss (blitz)"]
[EventRounds "11"]
[EventCountry "USA"]
[SourceTitle "CBM 208 Extra"]
[Source "ChessBase"]
[SourceDate "2022.07.31"]
[SourceVersion "1"]
[SourceVersionDate "2022.07.31"]
[SourceQuality "1"]

1. d4 Nf6 2. c4 g6 3. Nc3 Bg7 4. e4 d6 5. f4 c5 6. d5 0-0 7. Nf3 e6 8. dxe6 fxe6 9. Bd3 Nc6 10. 0-0 b6 11. Qe1 Bb7 12. f5 exf5 13. exf5 Ne7 14. Ng5 Qd7 15. Ne6 Rfe8 16. Nxg7 Kxg7 17. Qh4 Neg8 18. fxg6 hxg6 19. Rxf6 Nxf6 20. Bh6+ Kf7 21. Rf1 Re6 22. Bg5 Rf8 23. Bxf6 Qc6 24. Qh7+ Ke8 25. Bxg6+ 1-0

[Event "Titled Tuesday intern op 10th May Early"]
[Site "Chess.com INT"]
[Date "2022.05.10"]
[Round "3"]
[White "Leiva Rodriguez, Jeammarco Giuseppe"]
[Black "Rahman, Adel"]
[Result "1-0"]
[WhiteElo "2405"]
[BlackElo "2273"]
[PlyCount "85"]
[EventDate "2022.05.10"]
[EventType "swiss (blitz)"]
[EventRounds "11"]
[EventCountry "USA"]
[SourceTitle "CBM 208 Extra"]
[Source "ChessBase"]
[SourceDate "2022.07.31"]
[SourceVersion "1"]
[SourceVersionDate "2022.07.31"]
[SourceQuality "1"]

1. Nf3 Nf6 2. g3 g6 3. Bg2 Bg7 4. 0-0 0-0 5. d4 d6 6. c4 c5 7. d5 e6 8. Nc3 Re8 9. dxe6 Bxe6 10. Ng5 Bc8 11. Bf4 h6 12. Nge4 Nxe4 13. Nxe4 Nc6 14. Nxd6 Re6 15. Nxc8 Qxc8 16. Bh3 f5 17. Bg2 g5 18. Be3 Kh8 19. Bxc5 Bxb2 20. Rb1 Bg7 21. e4 f4 22. Bh3 Ne5 23. Bxe6 Qxe6 24. Qh5 f3 25. Rbd1 Qg6 26. Qxg6 Nxg6 27. Bd4 Ne5 28. Bxe5 Bxe5 29. Rd5 Re8 30. h3 Bc7 31. Rf5 Rxe4 32. Rc1 g4 33. hxg4 Re2 34. Rxf3 Rxa2 35. Rf7 Bb6 36. c5 Ba5 37. Rxb7 Bd2 38. Rd1 a5 39. c6 Rc2 40. c7 a4 41. Rxd2 Rxd2 42. c8Q+ Rd8 43. Qxd8# 1-0

[Event "Titled Tuesday intern op 10th May Early"]
[Site "Chess.com INT"]
[Date "2022.05.10"]
[Round "6"]
[White "Rahman, Adel"]
[Black "Omariev, Maksim"]
[Result "1-0"]
[WhiteElo "2273"]
[BlackElo "2304"]
[PlyCount "53"]
[EventDate "2022.05.10"]
[EventType "swiss (blitz)"]
[EventRounds "11"]
[EventCountry "USA"]
[SourceTitle "CBM 208 Extra"]
[Source "ChessBase"]
[SourceDate "2022.07.31"]
[SourceVersion "1"]
[SourceVersionDate "2022.07.31"]
[SourceQuality "1"]

1. e4 c5 2. Nf3 d6 3. d4 cxd4 4. Nxd4 Nf6 5. Nc3 a6 6. Bg5 Nbd7 7. Bc4 Qb6 8. Bb3 e6 9. Qd2 Be7 10. 0-0-0 Nc5 11. Bxf6 Bxf6 12. f4 Bd7 13. g4 0-0-0 14. g5 Be7 15. f5 Kb8 16. Kb1 Rc8 17. Rhf1 Nxb3 18. cxb3 Rc5 19. fxe6 Bxg5 20. Qg2 fxe6 21. Rf7 Bc8 22. Na4 Qd8 23. Rxg7 Bf6 24. Rf7 Rg5 25. Qf2 Be5 26. Nc6+ bxc6 27. Qa7# 1-0

[Event "Titled Tuesday intern op 10th May Early"]
[Site "Chess.com INT"]
[Date "2022.05.10"]
[Round "10"]
[White "Rahman, Adel"]
[Black "Polster, Christian"]
[Result "1-0"]
[WhiteElo "2273"]
[BlackElo "2236"]
[PlyCount "67"]
[EventDate "2022.05.10"]
[EventType "swiss (blitz)"]
[EventRounds "11"]
[EventCountry "USA"]
[SourceTitle "CBM 208 Extra"]
[Source "ChessBase"]
[SourceDate "2022.07.31"]
[SourceVersion "1"]
[SourceVersionDate "2022.07.31"]
[SourceQuality "1"]

1. e4 c5 2. Nf3 d6 3. d4 cxd4 4. Nxd4 Nf6 5. Nc3 a6 6. Bg5 Nbd7 7. Bc4 b5 8. Bb3 Bb7 9. Qe2 Nc5 10. Bxf6 gxf6 11. 0-0-0 e6 12. Rhe1 b4 13. Nd5 exd5 14. exd5+ Kd7 15. Nc6 Qb6 16. Qh5 Nxb3+ 17. axb3 Bxc6 18. Qxf7+ Kc8 19. dxc6 Bh6+ 20. Kb1 Ra7 21. Re7 Rxe7 22. Qxe7 Qc7 23. Qxf6 Bg7 24. Qe6+ Kb8 25. Rxd6 Rd8 26. Rd7 Rxd7 27. cxd7 Qd8 28. Qc6 a5 29. f4 Ka7 30. g4 Bf6 31. g5 Bg7 32. f5 Qxg5 33. Qc7+ Ka6 34. d8Q 1-0

[Event "Titled Tuesday intern op 10th May Early"]
[Site "Chess.com INT"]
[Date "2022.05.10"]
[Round "2"]
[White "Rahman, Adel"]
[Black "Stoleriu, George"]
[Result "0-1"]
[WhiteElo "2273"]
[BlackElo "2411"]
[PlyCount "106"]
[EventDate "2022.05.10"]
[EventType "swiss (blitz)"]
[EventRounds "11"]
[EventCountry "USA"]
[SourceTitle "CBM 208 Extra"]
[Source "ChessBase"]
[SourceDate "2022.07.31"]
[SourceVersion "1"]
[SourceVersionDate "2022.07.31"]
[SourceQuality "1"]

1. e4 e6 2. d4 d5 3. Nc3 Bb4 4. e5 c5 5. a3 Bxc3+ 6. bxc3 Qc7 7. Qg4 f6 8. Nf3 c4 9. h4 h5 10. Qf4 Qf7 11. a4 Ne7 12. Rh3 Ng6 13. Qe3 Nc6 14. Rg3 Nge7 15. Qf4 Nf5 16. Rh3 Qg6 17. exf6 gxf6 18. Ba3 Qg4 19. Qc7 Rg8 20. 0-0-0 Rg7 21. Qh2 Bd7 22. Re1 0-0-0 23. Nd2 Na5 24. Bb4 Nc6 25. Ba3 Re8 26. Rf3 e5 27. dxe5 fxe5 28. g3 Qg6 29. Bh3 e4 30. Rf4 Ne5 31. Qg2 Ng4 32. Bc5 b6 33. Bb4 Bxa4 34. f3 exf3 35. Rxe8+ Qxe8 36. Nxf3 Nfe3 37. Qe2 Bxc2 38. Nd4 Bd3 39. Qf3 Kb7 40. Rf8 Qa4 41. Bxg4 Qa1+ 42. Kd2 Nf1+ 43. Qxf1 Bxf1 44. Ke3 Qe1+ 45. Be2 Bxe2 46. Nxe2 Rxg3+ 47. Rf3 Rxf3+ 48. Kxf3 Qf1+ 49. Ke3 Qh3+ 50. Kd4 Qxh4+ 51. Kxd5 Qg5+ 52. Ke6 Qg4+ 53. Ke7 Qxe2+ 0-1

[Event "Wch U18"]
[Site "Khanty-Mansiysk"]
[Date "2016.10.01"]
[Round "9"]
[White "Nguyen, Hoang Duc"]
[Black "Rahman, Adel"]
[Result "0-1"]
[WhiteElo "1874"]
[BlackElo "2324"]
[PlyCount "72"]
[EventDate "2016.09.22"]
[EventType "swiss"]
[EventRounds "11"]
[EventCountry "RUS"]
[SourceTitle "EXT 2017"]
[Source "ChessBase"]
[SourceDate "2016.10.25"]
[SourceVersion "1"]
[SourceVersionDate "2016.10.25"]
[SourceQuality "1"]

1. e4 c5 2. Nf3 d6 3. c3 Nf6 4. Be2 g6 5. 0-0 Bg7 6. Re1 0-0 7. Bf1 Nc6 8. h3 e5 9. Na3 Re8 10. d3 h6 11. Be3 b6 12. b4 cxb4 13. cxb4 d5 14. Qc1 Nxb4 15. Bxh6 Bb7 16. Bxg7 Kxg7 17. Qb2 Nc6 18. exd5 Qxd5 19. Nc4 Nd7 20. a4 f6 21. a5 Nxa5 22. Nxa5 bxa5 23. Qd2 Qd6 24. Rxa5 Bxf3 25. gxf3 Rec8 26. Rea1 a6 27. Bg2 Nc5 28. R1a3 Rab8 29. Qe3 Rb1+ 30. Bf1 Qd7 31. f4 exf4 32. Qf3 Ne6 33. Ra1 Rcc1 34. Rxb1 Rxb1 35. Qe2 Nd4 36. Qa2 Qxh3 0-1

[Event "Wch U18"]
[Site "Khanty-Mansiysk"]
[Date "2016.09.29"]
[Round "7"]
[White "Vogel, Roven"]
[Black "Rahman, Adel"]
[Result "0-1"]
[WhiteElo "2415"]
[BlackElo "2324"]
[PlyCount "104"]
[EventDate "2016.09.22"]
[EventType "swiss"]
[EventRounds "11"]
[EventCountry "RUS"]
[SourceTitle "EXT 2017"]
[Source "ChessBase"]
[SourceDate "2016.10.25"]
[SourceVersion "1"]
[SourceVersionDate "2016.10.25"]
[SourceQuality "1"]

1. Nf3 d5 2. d4 Nf6 3. c4 c6 4. Nc3 dxc4 5. a4 Bf5 6. e3 e6 7. Bxc4 Bb4 8. 0-0 Nbd7 9. Qe2 Bg6 10. Ne5 Nxe5 11. dxe5 Nd7 12. f4 Nb6 13. Rd1 Qh4 14. g3 Qh3 15. Bb3 0-0 16. Bd2 Rad8 17. Rdc1 a5 18. Be1 Bd3 19. Qg2 Qxg2+ 20. Kxg2 Nc4 21. Bxc4 Bxc4 22. Kf2 Rd3 23. Ne4 Bxe1+ 24. Rxe1 Rb3 25. Reb1 Rd8 26. Nd6 Bd3 27. Rd1 Rxb2+ 28. Kg1 Be2 29. Rab1 Rxb1 30. Rxb1 b5 31. axb5 cxb5 32. Nxb5 Rb8 33. Nc3 Rxb1+ 34. Nxb1 Kf8 35. Nc3 Bc4 36. Kf2 Ke7 37. e4 Kd7 38. Ke3 Kc6 39. Kd4 Bb3 40. Ne2 a4 41. Kc3 Kc5 42. Nd4 Bd1 43. f5 Bg4 44. f6 gxf6 45. exf6 e5 46. Nf5 Bxf5 47. exf5 e4 48. g4 a3 49. g5 a2 50. Kb2 e3 51. g6 e2 52. gxf7 a1Q+ 0-1

[Event "Agzamov Memorial 10th"]
[Site "Tashkent"]
[Date "2016.04.26"]
[Round "9"]
[White "Rahman, Adel"]
[Black "Vokhidov, Shamsiddin"]
[Result "1-0"]
[WhiteElo "2295"]
[BlackElo "2382"]
[PlyCount "133"]
[EventDate "2016.04.18"]
[EventType "swiss"]
[EventRounds "9"]
[EventCountry "UZB"]
[SourceTitle "CBM 172 Extra"]
[Source "ChessBase"]
[SourceDate "2016.06.21"]
[SourceVersion "1"]
[SourceVersionDate "2016.06.21"]
[SourceQuality "1"]

1. d4 Nf6 2. c4 e6 3. g3 d5 4. Nf3 Bb4+ 5. Bd2 Be7 6. Bg2 0-0 7. 0-0 Nbd7 8. Qc2 c6 9. Rd1 a5 10. Bf4 Nh5 11. Bc1 f5 12. a4 Ndf6 13. b3 Ne4 14. Ba3 Nd6 15. Ne5 Bd7 16. Nc3 Kh8 17. e3 Be8 18. f3 Nf7 19. cxd5 Nxe5 20. dxe5 Bxa3 21. Rxa3 exd5 22. Raa1 g6 23. Ne2 Ng7 24. Nd4 Bd7 25. Qc5 Re8 26. f4 Qe7 27. Qb6 Be6 28. Bf1 Rec8 29. Rac1 Qc7 30. Qc5 Qd8 31. h3 Kg8 32. Be2 Kf7 33. Kg2 Qe7 34. Qb6 Qc7 35. Qc5 Qd8 36. g4 Qd7 37. g5 Rh8 38. h4 h6 39. Rh1 h5 40. Qb6 Rhb8 41. Rc2 Qd8 42. Qc5 Rc8 43. Rb1 Ne8 44. b4 axb4 45. Rxb4 Qc7 46. Bxh5 Ra5 47. Bxg6+ Kxg6 48. Qf8 Qg7 49. Nxe6 Qxf8 50. Nxf8+ Kf7 51. Nd7 Rc7 52. Nc5 b5 53. axb5 cxb5 54. Rbb2 Ra3 55. Kf2 Ng7 56. Rxb5 Ne6 57. Rb7 Rxb7 58. Nxb7 d4 59. Nd6+ Kg6 60. e4 Nxf4 61. exf5+ Kh5 62. e6 Re3 63. Rd2 Nh3+ 64. Kf1 d3 65. g6 Rg3 66. Rxd3 Rxd3 67. e7 1-0

[Event "Agzamov Memorial 10th"]
[Site "Tashkent"]
[Date "2016.04.24"]
[Round "7"]
[White "Rahman, Adel"]
[Black "Akkozov, Berik"]
[Result "1-0"]
[WhiteElo "2295"]
[BlackElo "2360"]
[PlyCount "51"]
[EventDate "2016.04.18"]
[EventType "swiss"]
[EventRounds "9"]
[EventCountry "UZB"]
[SourceTitle "CBM 172 Extra"]
[Source "ChessBase"]
[SourceDate "2016.06.21"]
[SourceVersion "1"]
[SourceVersionDate "2016.06.21"]
[SourceQuality "1"]

1. d4 d5 2. Nf3 c6 3. c4 e6 4. Nc3 Nf6 5. g3 Nbd7 6. Bg2 dxc4 7. e4 Be7 8. 0-0 0-0 9. Bf4 b5 10. d5 Qb6 11. dxc6 Nc5 12. e5 Nd5 13. Bg5 Nxc3 14. bxc3 Bxg5 15. Nxg5 h6 16. Ne4 Nd3 17. Qh5 a5 18. Nf6+ Kh8 19. Ng4 Qc5 20. Nxh6 gxh6 21. Qxh6+ Kg8 22. Qg5+ Kh8 23. Qf6+ Kg8 24. Rae1 Nxe1 25. Rxe1 Qa3 26. Qg5+ 1-0

[Event "UZB-ch 1st League"]
[Site "Tashkent"]
[Date "2016.02.19"]
[Round "8"]
[White "Rahman, Adel"]
[Black "Sindarov, Javokhir"]
[Result "0-1"]
[WhiteElo "2304"]
[BlackElo "2224"]
[PlyCount "132"]
[EventDate "2016.02.12"]
[EventType "tourn"]
[EventRounds "11"]
[EventCountry "UZB"]
[EventCategory "1"]
[SourceTitle "CBM 171 Extra"]
[Source "ChessBase"]
[SourceDate "2016.04.26"]
[SourceVersion "1"]
[SourceVersionDate "2016.04.26"]
[SourceQuality "1"]

1. d4 Nf6 2. c4 g6 3. g3 Bg7 4. Bg2 0-0 5. Nc3 d6 6. Nf3 Nc6 7. 0-0 Bf5 8. d5 Na5 9. Nd2 c5 10. e4 Bg4 11. Qc2 a6 12. h3 Bd7 13. b3 b5 14. Bb2 Rb8 15. Rab1 e5 16. Ne2 Nh5 17. f4 Qe7 18. g4 Nf6 19. fxe5 dxe5 20. Qc3 Nb7 21. Qxe5 Qxe5 22. Bxe5 Nxe4 23. Nxe4 Bxe5 24. Nf6+ Bxf6 25. Rxf6 bxc4 26. bxc4 Na5 27. Rxb8 Rxb8 28. Rxa6 Nxc4 29. Nc3 Ne5 30. Ne4 c4 31. Nf6+ Kg7 32. Nxd7 Nxd7 33. Rc6 Ne5 34. Rc5 Kf6 35. Bf1 Rb2 36. Bg2 Rxa2 37. d6 Rd2 38. Bd5 Nd7 39. Rc7 Rxd5 40. Rxd7 c3 41. Rc7 Rd3 42. Kg2 Ke6 43. d7 Ke7 44. g5 Kd8 45. Rc4 Kxd7 46. h4 Kd6 47. Kf2 Kd5 48. Rc7 Rd4 49. Rxc3 Rxh4 50. Kg3 Rh5 51. Kg4 h6 52. gxh6 Rxh6 53. Re3 Rh5 54. Re1 Re5 55. Ra1 Ke6 56. Ra6+ Ke7 57. Kf4 Re6 58. Ra1 Kf6 59. Ra2 g5+ 60. Kg4 Kg6 61. Ra8 f5+ 62. Kf3 g4+ 63. Kf4 Re4+ 64. Kg3 Re3+ 65. Kf4 Rf3+ 66. Ke5 Kg5 0-1